|
|
|
|
| LEADER |
00000cam a2200000 7i4500 |
| 001 |
0000038792 |
| 005 |
20131121.0 |
| 008 |
131121 |
| 020 |
|
|
|a 9675370540
|
| 090 |
0 |
0 |
|a 297.082
|b YUS
|
| 100 |
0 |
|
|a Yusri Abd. Karim
|
| 245 |
1 |
0 |
|a Wanita yang diceritakan dalam Al-Quran
|c Ustaz Yusri Abd. Karim
|
| 260 |
|
|
|a Selangor :
|b Yamani Angle Sdn Bhd ,
|c 2013
|
| 650 |
|
0 |
|a Muslims women
|x Conduct of life
|x Anecdotes
|
| 650 |
|
0 |
|a Women in Islam
|x Anecdotes
|
| 650 |
|
0 |
|a Women in the koran
|x Anecdotes
|
| 999 |
|
|
|a 0001246446
|b Book
|c Adult Collection
|e Cawangan Bandar Penawar
|
| 999 |
|
|
|a 0001246447
|b Book
|c Adult Collection
|e Cawangan Bandar Tenggara
|
| 999 |
|
|
|a 0001246448
|b Book
|c Adult Collection
|e Cawangan Muar
|
| 999 |
|
|
|a 0001246449
|b Book
|c Adult Collection
|e Cawangan Tangkak
|
| 999 |
|
|
|a 0001246450
|b Book
|c Adult Collection
|e Cawangan Bukit Gambir
|
| 999 |
|
|
|a 0001246451
|b Book
|c Adult Collection
|e Cawangan Mersing
|
| 999 |
|
|
|a 0001246453
|b Book
|c Adult Collection
|e Cawangan Kota Tinggi
|
| 999 |
|
|
|a 0001246454
|b Book
|c Adult Collection
|e Cawangan Taman Sri Lambak
|
| 999 |
|
|
|a 0001246455
|b Book
|c Adult Collection
|e Cawangan Segamat
|
| 999 |
|
|
|a 0001246456
|b Book
|c Adult Collection
|e Cawangan Pontian
|
| 999 |
|
|
|a 0001246457
|b Book
|c Adult Collection
|e Cawangan Tmn. Ungku Tun Aminah
|
| 999 |
|
|
|a 0001248963
|b Book
|c Adult Collection
|e Perbadanan Perpustakaan Awam Johor
|
| 999 |
|
|
|a 0001248964
|b Book
|c Adult Collection
|e Perbadanan Perpustakaan Awam Johor
|
| 999 |
|
|
|a 0001248965
|b Book
|c Adult Collection
|e Perbadanan Perpustakaan Awam Johor
|
| 999 |
|
|
|a 0001248966
|b Book
|c Adult Collection
|e Perbadanan Perpustakaan Awam Johor
|